000 00406nam a2200157Ia 4500
008 210716s2005 xx 000 0 und d
020 _a8183230083
041 _aeng
082 _a374.22 GAIL
100 _aGail
245 _aLooking beyond: daring to think and raring to act.
250 _a1
260 _aNew Delhi
_bLiving Media India Ltd
_c2005
300 _axii,188
650 _aGeneral Management
999 _c200391
_d200391